ბათუმის შოთა რუსთაველის სახელმწიფო უნივერსიტეტის ბიბლიოთეკა

ძველი ეგვიპტე / (ბიბ.ჩანაწერი № 59783)

000 -ლიდერი
ფიქსირებული სიგრძის საკონტროლო ველი 01795nam a22002537a 4500
003 - საკონტროლო ნომრის იდენტიფიკატორი
საკონტროლო ველი Ge_BSU
005 - ბოლო ოპერაციის თარიღი და დრო
საკონტროლო ველი 20230418111420.0
008 - ფიქსირებული სიგრძის მონაცემთა ელემენტები - ზოგადი ინფორმაცია
ფიქსირებული სიგრძის საკონტროლო ველი 230418s2008 ge ||||| |||| 00| 0 geo d
020 ## - წიგნის საერთაშორისო სტანდარტული ნომერი
International Standard Book Number 9789994064410
041 ## - ენის კოდი
Language code of text/sound track or separate title geo
080 ## - უნივერსალური ათობითი კლასიფიკაციის ინდექსი
Universal Decimal Classification number 087.5:94(32) კ-59
100 ## - მთავარი ჩანაწერი - პიროვნების სახელი
Personal name კლდიაშვილი, ანა
9 (RLIN) 17656
245 ## - ცნობა სათაურის შესახებ
Title ძველი ეგვიპტე /
Statement of responsibility, etc ანა კლდიაშვილი; [რედ.-გამომც. ლაშა ბერაია]; მხატვარი, დიზაინერი მარინა ვაშაყმაძე.
264 ## - წარმოების, გამოცემის, დისტრიბუციის და სხვა ცნობები
გამოცემის, წარმოების, დისტრიბუციის... ადგილი თბილისი :
გამოცემის, წარმოების, დისტრიბუციის... სახელწოდება ლოგოს-პრესი,
გამოცემის, წარმოების, დისტრიბუციის... თარიღი [2008].
300 ## - ფიზიკური აღწერა
Extent 60 გვ. :
Other physical details ილ. ;
Dimensions 29 სმ.
490 ## - სერიის ცნობა
Series statement ხელოვნების ისტორია მოზარდებისათვის
500 ## - ზოგადი შენიშვნა
General note გარეკანის პირველ გვ.: ფარაონი ჰორემჰები ქალღმერთი ჰათორის წინაშე. რელიეფი (ფრაგმენტი).
500 ## - ზოგადი შენიშვნა
General note გარეკანის ბოლო გვ.: ამონის ტაძარი. სეთი I-ისა და რამზეს II-ის ჰიპოსტილური დარბაზი. კარნაკი. ძვ.წ.აღ. XIV ს-ის II ნახ.
653 ## - INDEX TERM--UNCONTROLLED
Uncontrolled term ძველი ეგვიპტის ისტორია
653 ## - INDEX TERM--UNCONTROLLED
Uncontrolled term ძველი ეგვიპტის ხელოვნების ისტორია
700 ## - ADDED ENTRY--PERSONAL NAME
Personal name ბერაია, ლაშა
Relator term რედ.-გამომც.
9 (RLIN) 17657
700 ## - ADDED ENTRY--PERSONAL NAME
Personal name ვაშაყმაძე, მარინა
Relator term მხატვარი, დიზაინერი
9 (RLIN) 17658
942 ## - ADDED ENTRY ELEMENTS (KOHA)
Source of classification or shelving scheme
Koha item type წიგნი
ეგზემპლარები
ჩამოწერის სტატუსი დაკარგული ეგზემპლარის სტატუსი კლასიფიკაციის წყარო ან თაროზე გაწყობის სქემა დაზიანების სტატუსი არ გაიცემა მუდმივი მდებარეობა (დაცვის ადგილი) ამჟამინდელი ადგილსამყოფელი თაროზე განთავსების ადგილი შეძენის თარიღი ღირებულება, შესყიდვის ნორმალური ფასი სრული შენახვის შიფრი შტრიხკოდი ბოლო ოპერაციის თარიღი ეგზემპლარის მიმდევრობითი ნომერი (კეტერი?) Uniform Resource Identifier ფასის ძალაში შესვლის თარიღი ეგზემპლარის სახეობა საჯარო შენიშვნა
          ბათუმის შოთა რუსთაველის სახელმწიფო უნივერსიტეტის მთავარი ბიბლიოთეკა ბათუმის შოთა რუსთაველის სახელმწიფო უნივერსიტეტის მთავარი ბიბლიოთეკა წიგნსაცავი 2023-04-18 8.00 087.5:94(32) კ-59 64237 2023-04-18 64237 ბსუ-ს საპატიო დოქტორის გურამ ლორთქიფანიძის საჩუქარი 2023-04-18 წიგნი 8 ლ.